[Event "13. Bayer Open"]
[Site "Leverkusen"]
[Date "2015.02.02"]
[Round "3.33"]
[White "Schlenter, Rüdiger"]
[Black "Kayser, Manfred"]
[Result "1-0"]
[WhiteElo "1872"]
[BlackElo "1502"]
[PlyCount "35"]
[EventDate "2015.??.??"]
[WhiteTeam "SV Mülheim-Nord"]
[BlackTeam "Königsspringer Leverkusen"]

1. Nf3 e6 2. g3 d5 3. Bg2 Nf6 4. O-O Nc6 5. d4 b6 6. c4 Bb7 7. cxd5 Nxd5 8. e4
Nde7 9. Qa4 Qd7 10. Rd1 O-O-O 11. Nc3 Ng6 12. d5 Na5 13. Qc2 e5 14. Bf1 Qg4 15.
Be2 Nf4 16. Bxf4 exf4 17. Ne5 Qh3 18. Bg4+ 1-0

[Event "13. Bayer Open"]
[Site "Leverkusen"]
[Date "2015.02.02"]
[Round "3.34"]
[White "Ipekyilmaz, Tayfun"]
[Black "Hennig, Edgar"]
[Result "0-1"]
[WhiteElo "1587"]
[BlackElo "1901"]
[PlyCount "106"]
[EventDate "2015.??.??"]
[WhiteTeam "Langenfelder SF"]
[BlackTeam "Satranç Club"]

1. e4 c5 2. f4 Nc6 3. Nc3 g6 4. Bc4 Bg7 5. Nf3 e6 6. e5 d5 7. exd6 Qxd6 8. d3
Nf6 9. Bd2 O-O 10. Rb1 a6 11. a4 b6 12. O-O Bb7 13. Ne2 Nd5 14. Bxd5 Qxd5 15.
Nc3 Qd7 16. Ne4 Rad8 17. Bc3 Nd4 18. Nxd4 Bxd4+ 19. Kh1 Qxa4 20. Bxd4 Qxd4 21.
Nd2 b5 22. Nf3 Qxf4 23. Qe2 Bxf3 24. Rxf3 Qd4 25. Qf1 Kg7 26. Rf4 Qd6 27. Qf2
e5 28. Re4 f5 29. Ree1 Rfe8 30. Ra1 Re6 31. h4 Qd4 32. Qg3 h6 33. h5 g5 34. Rf1
Rf8 35. Qf3 e4 36. dxe4 Rxe4 37. g3 Re3 38. Qb7+ Rf7 39. Qc8 Qd5+ 40. Kg1 Re2
41. Rf2 Rxf2 42. Kxf2 Qd2+ 43. Kg1 Qe3+ 44. Kg2 Qe2+ 45. Kg1 Qxh5 46. Qxa6 Qe2
47. Qd6 Qe3+ 48. Kg2 Qd4 49. Qxd4+ cxd4 50. Rd1 Rd7 51. Rd2 Kf6 52. Kf3 Ke5 53.
Rh2 g4+ 0-1

[Event "13. Bayer Open"]
[Site "Leverkusen"]
[Date "2015.02.02"]
[Round "3.35"]
[White "Asadzade, Idris"]
[Black "Bießner, Eberhard"]
[Result "1/2-1/2"]
[WhiteElo "1525"]
[BlackElo "1760"]
[PlyCount "85"]
[EventDate "2015.??.??"]
[WhiteTeam "SG Porz"]
[BlackTeam "Rheydter SV"]

1. d4 Nf6 2. Nf3 e6 3. c4 c5 4. Bg5 cxd4 5. Nxd4 Nc6 6. Nxc6 bxc6 7. Nc3 Qa5 8.
Bxf6 gxf6 9. a3 c5 10. Qc2 Bb7 11. e4 Bd6 12. f3 Be5 13. Rc1 Bc6 14. Be2 Rb8
15. O-O a6 16. Rb1 Qc7 17. h3 Bd4+ 18. Kh1 Qg3 19. f4 Rg8 20. Bd3 f5 21. Rbe1
fxe4 22. Bxe4 Bxe4 23. Rxe4 f5 24. Re2 Qg6 25. Qa4 Bxc3 26. bxc3 Rb6 27. Rd1
Rg7 28. Qa5 Rc6 29. Rd5 Qh5 30. Re1 Qh4 31. Rde5 Qxf4 32. Qa4 Rg3 33. Rxe6+
Rxe6 34. Rxe6+ Kf8 35. Re1 Qd2 36. Rg1 Qxc3 37. Kh2 Qe5 38. Kh1 Qd6 39. Qc2 Qd3
40. Qxd3 Rxd3 41. Rf1 Rxa3 42. Rxf5+ Ke7 43. Rxc5 1/2-1/2

[Event "13. Bayer Open"]
[Site "Leverkusen"]
[Date "2015.02.02"]
[Round "3.36"]
[White "Witte, Volker"]
[Black "Milz, Ulrich"]
[Result "1-0"]
[WhiteElo "1669"]
[BlackElo "1554"]
[PlyCount "109"]
[EventDate "2015.??.??"]
[WhiteTeam "SF Schlebusch"]
[BlackTeam "SC Bayer Leverkusen"]

1. d4 e6 2. c4 b6 3. Nf3 Bb7 4. Nc3 h6 5. e4 Bb4 6. Bd3 c5 7. d5 Bxc3+ 8. bxc3
d6 9. O-O e5 10. Ne1 Nd7 11. f4 Ngf6 12. Nf3 O-O 13. fxe5 Nxe5 14. Nxe5 dxe5
15. Qf3 Qd6 16. Bxh6 Bc8 17. Bg5 Nh7 18. Bh4 Qh6 19. Be7 Ng5 20. Qg3 f6 21.
Bxf8 Kxf8 22. Qxe5 Nf7 23. Qc7 Qe3+ 24. Kh1 Qxd3 25. e5 Qxc4 26. e6 Bxe6 27.
dxe6 Qxe6 28. Rae1 Qd6 29. Qb7 Qd8 30. Qe4 a6 31. Rd1 Qc8 32. Rd3 Ra7 33. Rg3
Qd8 34. Qh7 Nh6 35. Rd3 Rd7 36. Rfd1 Rxd3 37. Qxd3 Qxd3 38. Rxd3 Ke7 39. c4 Nf5
40. Rb3 Nd6 41. Rxb6 Nxc4 42. Rxa6 Nb2 43. Ra7+ Kf8 44. Rb7 Na4 45. Kg1 Nc3 46.
a3 Ne4 47. Kf1 c4 48. Ke2 Nd6 49. Rb8+ Kf7 50. Kd2 Ke6 51. a4 Kd5 52. Kc2 Kc5
53. h4 Ne4 54. a5 Kc6 55. a6 1-0

[Event "13. Bayer Open"]
[Site "Leverkusen"]
[Date "2015.02.02"]
[Round "3.37"]
[White "van Kempen, Heinz"]
[Black "Seelig, Jochen"]
[Result "1-0"]
[WhiteElo "1724"]
[BlackElo "1307"]
[PlyCount "25"]
[EventDate "2015.??.??"]
[WhiteTeam "SV Opladen"]
[BlackTeam "SF Schlebusch"]

1. e4 b6 2. d4 Bb7 3. Nc3 e6 4. Bd3 Nf6 5. Nge2 Bb4 6. O-O d5 7. e5 Nfd7 8. Nf4
Bxc3 9. bxc3 Ba6 10. Qg4 g6 11. Ba3 b5 12. Nxe6 fxe6 13. Qxe6+ 1-0

[Event "13. Bayer Open"]
[Site "Leverkusen"]
[Date "2015.02.02"]
[Round "3.39"]
[White "Müller, Horst"]
[Black "Lessing, Sebastian"]
[Result "0-1"]
[WhiteElo "1522"]
[BlackElo "1657"]
[PlyCount "78"]
[EventDate "2015.??.??"]
[WhiteTeam "SV Springer Hitdorf"]
[BlackTeam "SC Bayer Leverkusen"]

1. c4 Nf6 2. Nc3 e5 3. Nf3 Nc6 4. g3 Bc5 5. Nxe5 Bxf2+ 6. Kxf2 Nxe5 7. d4 Nfg4+
8. Kg2 Nxc4 9. Qd3 d5 10. e4 Be6 11. b3 dxe4 12. Qxe4 Nd6 13. Qf4 Qf6 14. Bd3
Qxf4 15. Bxf4 O-O 16. Rhe1 Rfe8 17. Re2 Bd7 18. Rae1 Rxe2+ 19. Rxe2 Nf6 20.
Bxd6 cxd6 21. Nb5 Bxb5 22. Bxb5 Kf8 23. Kf3 Rc8 24. g4 a6 25. Bd3 Rc3 26. Rd2
h6 27. h4 Nd5 28. Ke4 Nb4 29. Be2 d5+ 30. Kf4 Ke7 31. Bf1 Kf6 32. g5+ hxg5+ 33.
hxg5+ Ke6 34. Kg4 Rc2 35. Rd1 Rxa2 36. Re1+ Kd7 37. Bh3 Rd2 38. Kf3+ Kd8 39.
Ke3 Rd3+ 0-1

[Event "13. Bayer Open"]
[Site "Leverkusen"]
[Date "2015.02.02"]
[Round "3.40"]
[White "Gelsok, Philipp"]
[Black "Hoferichter, Michael"]
[Result "1-0"]
[WhiteElo "1894"]
[BlackElo "1302"]
[PlyCount "49"]
[EventDate "2015.??.??"]
[WhiteTeam "Bergische SF"]
[BlackTeam "Klub Kölner SF"]

1. Nf3 c5 2. c4 Nc6 3. d4 cxd4 4. Nxd4 Nf6 5. Nc3 a6 6. e4 e6 7. Nc2 Be7 8. Be2
O-O 9. Be3 b6 10. O-O Qc7 11. b3 Rb8 12. f4 d6 13. Rc1 Nd7 14. Bf3 Bb7 15. Qd2
f5 16. exf5 exf5 17. Nd5 Qd8 18. Rcd1 Ba8 19. Nxe7+ Qxe7 20. Qxd6 Qxd6 21. Rxd6
Rf7 22. Bxc6 Bxc6 23. Rxc6 Nf6 24. Rxb6 Rxb6 25. Bxb6 1-0

[Event "13. Bayer Open"]
[Site "Leverkusen"]
[Date "2015.02.02"]
[Round "3.42"]
[White "Balduan, Karl-Heinz"]
[Black "Arnold, Bodo"]
[Result "1/2-1/2"]
[WhiteElo "1510"]
[BlackElo "1626"]
[PlyCount "43"]
[EventDate "2015.??.??"]
[WhiteTeam "Königsspringer Leverkusen"]
[BlackTeam "SF Schlebusch"]

1. d4 Nf6 2. Nf3 g6 3. c4 Bg7 4. Nc3 d6 5. e3 O-O 6. Be2 c5 7. O-O cxd4 8. exd4
a5 9. Bd2 Qc7 10. Rc1 Nc6 11. g3 Ng4 12. Nd5 Qd8 13. Bc3 Nh6 14. Ne3 Nf5 15.
Nxf5 Bxf5 16. d5 Nb8 17. Bxg7 Kxg7 18. Qd4+ Kg8 19. Qh4 f6 20. Nd4 Bd7 21. f4
Qb6 22. f5 1/2-1/2

[Event "13. Bayer Open"]
[Site "Leverkusen"]
[Date "2015.02.02"]
[Round "3.43"]
[White "Elsweiler, Karl-Heinz"]
[Black "Gülden, Ralf"]
[Result "1/2-1/2"]
[WhiteElo "1560"]
[BlackElo "1503"]
[PlyCount "44"]
[EventDate "2015.??.??"]
[WhiteTeam "SV Opladen"]
[BlackTeam "Königsspringer Leverkusen"]

1. b4 Nf6 2. Bb2 e6 3. b5 d5 4. e3 Be7 5. Nf3 Nbd7 6. Be2 c6 7. c4 O-O 8. a4
cxb5 9. cxb5 b6 10. O-O Bb7 11. Na3 Rc8 12. Nc2 Bd6 13. Ncd4 Ne4 14. Rc1 Qe7
15. Rxc8 Rxc8 16. Qa1 Ndf6 17. Rc1 Rxc1+ 18. Qxc1 Qc7 19. Qxc7 Bxc7 20. Nc6
Bxc6 21. bxc6 Kf8 22. Bb5 Ke8 1/2-1/2

[Event "13. Bayer Open"]
[Site "Leverkusen"]
[Date "2015.02.02"]
[Round "3.44"]
[White "Prößdorf, Lennard"]
[Black "Hegmann, Werner"]
[Result "1-0"]
[WhiteElo "1425"]
[BlackElo "1525"]
[PlyCount "135"]
[EventDate "2015.??.??"]
[WhiteTeam "SC Bayer Leverkusen"]
[BlackTeam "SV Opladen"]

1. d4 d5 2. c4 e6 3. Nc3 f5 4. Nf3 c6 5. Bf4 Nd7 6. e3 Ngf6 7. cxd5 exd5 8. Bd3
g6 9. O-O Qe7 10. Rb1 Bg7 11. b4 a6 12. a4 O-O 13. b5 Nh5 14. bxc6 bxc6 15. Bg5
Qe6 16. Ne2 h6 17. Nf4 Nxf4 18. Bxf4 g5 19. Bc7 Rf7 20. Bb6 a5 21. Qd2 Nxb6 22.
Rxb6 Rc7 23. Rfb1 Bf6 24. Qc2 Kg7 25. Bb5 Bb7 26. Bd3 Bc8 27. Bb5 Bd7 28. Rc1
Rac8 29. Ba6 Ra8 30. Bb5 Raa7 31. Ba6 Qe8 32. Nd2 Qa8 33. Bd3 Qc8 34. Nb3 c5
35. Nxc5 Be7 36. Bb5 Bxc5 37. dxc5 Bxb5 38. Rxb5 Rc6 39. Qc3+ Kg6 40. Rxa5 Rd7
41. Rb5 Qd8 42. Rd1 Qa8 43. Qb3 Qd8 44. Rb6 Qc7 45. Rxc6+ Qxc6 46. Qb6 Rc7 47.
Qxc6+ Rxc6 48. Rxd5 Kf6 49. f3 Ke6 50. e4 fxe4 51. fxe4 Ke7 52. Kf2 Ra6 53. Rd4
Rc6 54. Rc4 Ke6 55. Ke3 Ke5 56. g3 h5 57. Kd3 h4 58. Kc3 hxg3 59. hxg3 g4 60.
Kb4 Ke6 61. Kb5 Rc8 62. a5 Rb8+ 63. Ka4 Kd7 64. a6 Kc6 65. Rb4 Ra8 66. Ka5 Kxc5
67. Rb7 Kc6 68. Rg7 1-0

[Event "13. Bayer Open"]
[Site "Leverkusen"]
[Date "2015.02.02"]
[Round "3.45"]
[White "Kopernok, Ingo"]
[Black "Yon, Gregory"]
[Result "0-1"]
[WhiteElo "1341"]
[BlackElo "1517"]
[PlyCount "58"]
[EventDate "2015.??.??"]
[WhiteTeam "SG Solingen"]
[BlackTeam "TSV Bergisch Gladbach"]

1. d4 Nf6 2. Bf4 d6 3. Nf3 g6 4. e3 Bg7 5. Nc3 O-O 6. h3 Bd7 7. Bd3 Nc6 8. a3
a6 9. Bg5 h6 10. Bxf6 Bxf6 11. g4 Bg7 12. Qe2 e5 13. d5 Ne7 14. e4 c6 15. O-O-O
cxd5 16. exd5 Rc8 17. Ne4 Qc7 18. Nfd2 Nxd5 19. Nc4 Nf4 20. Qf3 d5 21. Nxe5
Bxe5 22. Nd2 Nxd3+ 23. Qxd3 Bb5 24. Qb3 Bf4 25. Kb1 Bxd2 26. Rxd2 Bc4 27. Qc3
Rfd8 28. Re1 Qb6 29. Rd4 Ba2+ 0-1

[Event "13. Bayer Open"]
[Site "Leverkusen"]
[Date "2015.02.02"]
[Round "3.47"]
[White "Becker, Johann"]
[Black "Mizich, Vadim"]
[Result "0-1"]
[WhiteElo "1449"]
[BlackElo "1449"]
[PlyCount "98"]
[EventDate "2015.??.??"]
[WhiteTeam "TV Witzhelden"]
[BlackTeam "Königsspringer Leverkusen"]

1. e4 e5 2. Nf3 Nc6 3. Bc4 Nf6 4. Nc3 Bc5 5. O-O d6 6. d3 h6 7. h3 O-O 8. Be3
Bxe3 9. fxe3 Na5 10. Bb3 Nxb3 11. axb3 c6 12. d4 exd4 13. exd4 d5 14. e5 Nh7
15. Qd2 Re8 16. Qf4 Be6 17. Na4 b6 18. Nd2 Qg5 19. Rf3 Qxf4 20. Rxf4 f6 21. Re1
Bf7 22. Rf3 Re6 23. Rfe3 Rae8 24. Nf3 Bg6 25. R3e2 Be4 26. exf6 Nxf6 27. Nc3
Kf7 28. Ne5+ Kg8 29. Nxe4 Nxe4 30. Nd3 Ng5 31. Rxe6 Rxe6 32. Rxe6 Nxe6 33. c3
c5 34. dxc5 Nxc5 35. Nxc5 bxc5 36. Kf2 Kf7 37. Ke3 g5 38. g4 Ke6 39. Kd3 Ke5
40. c4 d4 41. b4 cxb4 42. c5 Kd5 43. c6 Kxc6 44. Kxd4 Kb5 45. b3 a5 46. Kd3 a4
47. bxa4+ Kxa4 48. Kc2 Ka3 49. Kb1 Kb3 0-1

[Event "13. Bayer Open"]
[Site "Leverkusen"]
[Date "2015.02.02"]
[Round "3.48"]
[White "Turp, Hüseyim"]
[Black "Holz, Peter"]
[Result "1-0"]
[WhiteElo "1582"]
[BlackElo "1392"]
[PlyCount "43"]
[EventDate "2015.??.??"]
[WhiteTeam "Oberhausener SV"]
[BlackTeam "Pulheimer SC"]

1. d4 e6 2. c4 Nf6 3. a3 h6 4. Nc3 Be7 5. e4 c6 6. e5 Nh7 7. Nf3 d5 8. c5 b6 9.
b4 O-O 10. h4 f6 11. Bf4 Bd7 12. Bd3 Be8 13. Bc2 g5 14. hxg5 fxe5 15. Rxh6 Rf7
16. Bxh7+ Rxh7 17. Rxh7 Kxh7 18. Be3 e4 19. Nh2 Bh5 20. Ng4 Qg8 21. Nf6+ Bxf6
22. Qxh5+ 1-0

[Event "13. Bayer Open"]
[Site "Leverkusen"]
[Date "2015.02.02"]
[Round "3.49"]
[White "Roder, Stephan"]
[Black "Wehr, Günter"]
[Result "1/2-1/2"]
[WhiteElo "1369"]
[BlackElo "1511"]
[PlyCount "99"]
[EventDate "2015.??.??"]
[WhiteTeam "TSV Bergisch Gladbach"]
[BlackTeam "SV Opladen"]

1. Nf3 d5 2. g3 c5 3. Bg2 Nf6 4. O-O e6 5. d3 Nc6 6. b3 Be7 7. Bb2 O-O 8. Nbd2
b5 9. e3 Bb7 10. a4 a6 11. axb5 axb5 12. Rxa8 Bxa8 13. Qa1 Nb4 14. Ne1 Qc7 15.
Be5 Qb6 16. Ndf3 Bb7 17. c3 Nc6 18. Qb1 Nxe5 19. Nxe5 Bd6 20. N1f3 Qc7 21. d4
Bxe5 22. Nxe5 Rb8 23. Rc1 Qd6 24. Nd3 c4 25. Nc5 Bc8 26. b4 Nd7 27. Nxd7 Bxd7
28. Qa2 Bc6 29. Ra1 g6 30. Qc2 f5 31. Ra6 Ra8 32. Qa2 Rxa6 33. Qxa6 Qc7 34. f4
h5 35. Bf3 Kg7 36. Kg2 Kf6 37. Kh3 Qb7 38. Qa5 Qe7 39. Qb6 Qd7 40. Kh4 Kg7 41.
Qb8 Qe7+ 42. Kh3 Be8 43. Qe5+ Qf6 44. Qxf6+ Kxf6 45. Kh4 Bf7 46. h3 Be8 47. g4
hxg4 48. hxg4 Bf7 49. gxf5 Kxf5 50. Kh3 1/2-1/2

[Event "13. Bayer Open"]
[Site "Leverkusen"]
[Date "2015.02.02"]
[Round "3.50"]
[White "Kinnert, Reinhard"]
[Black "Azimi, Reza"]
[Result "1-0"]
[WhiteElo "1581"]
[BlackElo "1364"]
[PlyCount "98"]
[EventDate "2015.??.??"]
[WhiteTeam "TV Witzhelden"]
[BlackTeam "Schachuzipus Köln-Mülheim"]

1. e4 c5 2. f4 e5 3. Qf3 d6 4. f5 Nf6 5. c4 Nc6 6. Ne2 Be7 7. Nbc3 Nb4 8. Kd1
Bd7 9. a3 Qa5 10. b3 O-O 11. Bb2 Nc6 12. h4 Qb6 13. Nd5 Nxd5 14. cxd5 Nd4 15.
Nxd4 cxd4 16. Bc4 Rac8 17. Qd3 a6 18. g4 Qd8 19. g5 b5 20. f6 gxf6 21. gxf6
Bxf6 22. Qg3+ Kh8 23. Bd3 Rg8 24. Qf2 Rg6 25. h5 Rg5 26. Be2 Qe7 27. Rg1 Rxg1+
28. Qxg1 Rg8 29. Qf1 Bg4 30. d3 Bxe2+ 31. Kxe2 h6 32. Rc1 Bg5 33. Rc6 a5 34.
Qf5 Qf8 35. Rc7 Be7 36. Bc1 Rg2+ 37. Kd1 Rg1+ 38. Kc2 Rg2+ 39. Kb1 Rg1 40. Rc8
Bd8 41. Qd7 Rg8 42. Qxb5 f5 43. Qd7 Qe7 44. Qxe7 Bxe7 45. Rxg8+ Kxg8 46. Bxh6
Kh7 47. Bd2 Bd8 48. b4 axb4 49. axb4 Bb6 {Restliche Notation fehlt.} 1-0

[Event "13. Bayer Open"]
[Site "Leverkusen"]
[Date "2015.02.02"]
[Round "3.51"]
[White "Johann, Hans Werner"]
[Black "Esser, Heinz"]
[Result "1/2-1/2"]
[WhiteElo "1317"]
[BlackElo "1315"]
[PlyCount "57"]
[EventDate "2015.??.??"]
[WhiteTeam "TV Witzhelden"]
[BlackTeam "SV Bayer Dormagen"]

1. d4 Nf6 2. c4 d6 3. Nc3 g6 4. e3 Bg7 5. Nf3 O-O 6. Be2 Nbd7 7. b4 e5 8. dxe5
dxe5 9. e4 c6 10. O-O Qe7 11. a3 Rd8 12. Qc2 Nf8 13. Rd1 Ne6 14. Rxd8+ Qxd8 15.
Qd3 Qxd3 16. Bxd3 Nf4 17. Bxf4 exf4 18. e5 Ng4 19. Re1 Nh6 20. h3 Bd7 21. Na4
b6 22. b5 cxb5 23. cxb5 Rc8 24. Rd1 Be6 25. Rb1 Nf5 26. Rb4 Rc1+ 27. Kh2 Ra1
28. Rxf4 Rxa3 29. Bf1 1/2-1/2

[Event "13. Bayer Open"]
[Site "Leverkusen"]
[Date "2015.02.02"]
[Round "3.53"]
[White "Haag, Helmut"]
[Black "Weirich, Ralf"]
[Result "0-1"]
[WhiteElo "1498"]
[BlackElo "1206"]
[PlyCount "104"]
[EventDate "2015.??.??"]
[WhiteTeam "Langenfelder SF"]
[BlackTeam "TV Witzhelden"]

1. d4 Nf6 2. c4 e5 3. dxe5 Ng4 4. Nf3 Bc5 5. e3 Nc6 6. Qd5 Qe7 7. Nc3 a5 8. Qe4
Ngxe5 9. b3 O-O 10. Bb2 f5 11. Qd5+ Kh8 12. Nb5 Nxf3+ 13. Qxf3 Ne5 14. Qf4 d6
15. Bxe5 dxe5 16. Qf3 c6 17. Nc3 e4 18. Qe2 Bb4 19. Qc2 Qe5 20. Rc1 Rd8 21. Be2
Qxc3+ 22. Qxc3 Bxc3+ 23. Rxc3 Be6 24. Rc2 Rd6 25. Rd2 Rad8 26. Rxd6 Rxd6 27.
Bd1 b5 28. cxb5 cxb5 29. Ke2 Rd3 30. Bc2 Rc3 31. Kd2 b4 32. Kc1 a4 33. Kb2 a3+
34. Kc1 Bc8 35. Rd1 h6 36. Rd4 Ba6 37. Rxb4 Bd3 38. Rc4 Bxc4 39. Kd2 Rd3+ 40.
Bxd3 Bxd3 41. Kc3 Bb1 42. b4 Bxa2 43. b5 Bd5 44. b6 a2 45. Kb2 Kg8 46. b7 Bxb7
47. Kxa2 g5 48. Kb2 Ba6 49. Kc3 Kf7 50. Kd4 Kf6 51. h3 Bf1 52. f4 Bxg2 0-1

[Event "13. Bayer Open"]
[Site "Leverkusen"]
[Date "2015.02.09"]
[Round "4.1"]
[White "Rotstein, Jefim"]
[Black "Peschel, Andreas"]
[Result "1-0"]
[WhiteElo "2266"]
[BlackElo "2101"]
[PlyCount "81"]
[EventDate "2015.??.??"]
[WhiteTeam "SC Tornado Hochneukirch"]
[BlackTeam "SG Solingen"]

1. e4 g6 2. Nc3 Bg7 3. f4 Nh6 4. Nf3 O-O 5. Be2 c6 6. O-O d5 7. d3 Qb6+ 8. Kh1
dxe4 9. dxe4 Ng4 10. Qe1 Na6 11. Bc4 Nb4 12. Bb3 Qc7 13. h3 Nf6 14. a3 Na6 15.
e5 Ne8 16. Ne4 Bf5 17. Ng3 Nc5 18. Nxf5 gxf5 19. Ba2 Rd8 20. Be3 Ne4 21. Nd2 c5
22. Nxe4 fxe4 23. Bf2 Qc6 24. Qe3 b6 25. Bh4 Qb7 26. Rae1 Nc7 27. Bxe7 Nd5 28.
Bxd5 Qxe7 29. Qxe4 Kh8 30. c4 Rde8 31. Qf5 Qh4 32. Kh2 Re7 33. g3 Qh6 34. h4
Qg6 35. Be4 Qxf5 36. Bxf5 Ree8 37. Rd1 Rd8 38. Rd5 f6 39. e6 Rfe8 40. Rfd1 Rxd5
41. cxd5 1-0

[Event "13. Bayer Open"]
[Site "Leverkusen"]
[Date "2015.02.09"]
[Round "4.2"]
[White "Negele, Michael"]
[Black "Juziak, Peter"]
[Result "1-0"]
[WhiteElo "2117"]
[BlackElo "1995"]
[PlyCount "41"]
[EventDate "2015.??.??"]
[WhiteTeam "SC Bayer Leverkusen"]
[BlackTeam "Düsseldorfer SV"]

1. e4 c5 2. Nf3 e6 3. c3 Nf6 4. e5 Nd5 5. d4 cxd4 6. cxd4 d6 7. a3 Nc6 8. Bd3
a6 9. O-O Nce7 10. Re1 Ng6 11. Nc3 Nxc3 12. bxc3 dxe5 13. Nxe5 Nxe5 14. Rxe5 g6
15. Rb1 Bg7 16. Re2 O-O 17. Bf4 Qa5 18. Qb3 b5 19. Be4 Ra7 20. Bd6 Rd8 21. Bb4
1-0

[Event "13. Bayer Open"]
[Site "Leverkusen"]
[Date "2015.02.09"]
[Round "4.3"]
[White "Schulte-Lentz, Christian"]
[Black "Pauly, Carlo"]
[Result "0-1"]
[WhiteElo "1995"]
[BlackElo "2242"]
[PlyCount "58"]
[EventDate "2015.??.??"]
[WhiteTeam "Langenfelder SF"]
[BlackTeam "SG Porz"]

1. d4 Nf6 2. Nf3 g6 3. g3 Bg7 4. Bg2 O-O 5. O-O d6 6. a4 Nc6 7. a5 Qe8 8. d5
Nb4 9. Nc3 e5 10. dxe6 fxe6 11. e4 e5 12. Qe2 Kh8 13. h3 Be6 14. Be3 a6 15.
Rfd1 Rc8 16. Ng5 Bd7 17. Qd2 h6 18. Nf3 g5 19. Nh2 Qg6 20. Ra3 Nc6 21. Qd3 Nd4
22. Rd2 c5 23. b3 Be6 24. Na4 c4 25. Qf1 Nxe4 26. Bxe4 Qxe4 27. Nb6 c3 28. Nxc8
cxd2 29. Nxd6 Qxe3 0-1

[Event "13. Bayer Open"]
[Site "Leverkusen"]
[Date "2015.02.09"]
[Round "4.4"]
[White "Krüger, Andre"]
[Black "Evers, Leo"]
[Result "0-1"]
[WhiteElo "2062"]
[BlackElo "1975"]
[PlyCount "53"]
[EventDate "2015.??.??"]
[WhiteTeam "SV Mülheim-Nord"]
[BlackTeam "SG Porz"]

1. d4 Nf6 2. Nf3 c5 3. d5 b5 4. Bg5 Ne4 5. Bf4 d6 6. Nbd2 Nf6 7. e4 a6 8. a4 b4
9. Bc4 g6 10. h3 Bg7 11. Bh2 O-O 12. O-O Nbd7 13. Rb1 Nb6 14. a5 Nxc4 15. Nxc4
Bd7 16. Nb6 Ra7 17. e5 Bb5 18. Re1 dxe5 19. Bxe5 Nd7 20. Bxg7 Kxg7 21. c4 bxc3
22. bxc3 Nxb6 23. axb6 Rd7 24. b7 Rxd5 25. b8=Q Rxd1 26. Qe5+ f6 27. Qxe7+ 0-1

[Event "13. Bayer Open"]
[Site "Leverkusen"]
[Date "2015.02.09"]
[Round "4.5"]
[White "Schneider, Bernd"]
[Black "Gutt, Oswald"]
[Result "1-0"]
[WhiteElo "2358"]
[BlackElo "1920"]
[PlyCount "79"]
[EventDate "2015.??.??"]
[WhiteTeam "Bochumer SV"]
[BlackTeam "Bergische SF"]

1. c4 e5 2. g3 Nc6 3. Bg2 Nf6 4. Nf3 g6 5. O-O Bg7 6. Nc3 O-O 7. d4 exd4 8.
Nxd4 Nxd4 9. Qxd4 h6 10. Qd3 d6 11. Re1 Nd7 12. b3 Nc5 13. Qc2 a5 14. Bb2 c6
15. Rad1 Qe7 16. e4 Qc7 17. Ne2 Bxb2 18. Qxb2 Qe7 19. Qd2 Nxe4 20. Qxh6 Qg5 21.
Qxg5 Nxg5 22. h4 Ne6 23. Rxd6 Ng7 24. Nc3 Nf5 25. Rd2 a4 26. Nxa4 Rxa4 27. bxa4
Be6 28. Rb1 Ra8 29. Rxb7 Rxa4 30. Bxc6 Rxc4 31. Bd5 Rc1+ 32. Kg2 Bxd5+ 33. Rxd5
Rc2 34. Rd8+ Kg7 35. Rdd7 Nh6 36. a4 Kf6 37. a5 Ra2 38. Ra7 Ke5 39. Re7+ Kd6
40. Rxf7 1-0

[Event "13. Bayer Open"]
[Site "Leverkusen"]
[Date "2015.02.09"]
[Round "4.6"]
[White "Balduan, Markus"]
[Black "Liebsch, Ulrich"]
[Result "1-0"]
[WhiteElo "2231"]
[BlackElo "1669"]
[PlyCount "37"]
[EventDate "2015.??.??"]
[WhiteTeam "TV Witzhelden"]
[BlackTeam "SC Bayer Leverkusen"]

1. Nf3 Nf6 2. c4 g6 3. g3 c5 4. Bg2 Nc6 5. Nc3 Bg7 6. O-O O-O 7. d4 cxd4 8.
Nxd4 a6 9. c5 Nxd4 10. Qxd4 Ne8 11. Qh4 Bf6 12. Bg5 Bxg5 13. Qxg5 f6 14. Qe3
Nc7 15. Rad1 Qe8 16. Na4 Rb8 17. Nb6 Na8 18. Nd5 e6 19. Nxf6+ 1-0

[Event "13. Bayer Open"]
[Site "Leverkusen"]
[Date "2015.02.09"]
[Round "4.7"]
[White "Eigemann, Frederik"]
[Black "Khanukov, Boris"]
[Result "0-1"]
[WhiteElo "1949"]
[BlackElo "2200"]
[PlyCount "63"]
[EventDate "2015.??.??"]
[WhiteTeam "SG Porz"]
[BlackTeam "Bahn-SC Wuppertal"]

1. d4 Nf6 2. Bg5 c5 3. Nc3 Qb6 4. d5 Qxb2 5. Bd2 Qb6 6. e4 d6 7. f4 e5 8. Nf3
Nbd7 9. Rb1 Qd8 10. Bb5 a6 11. Bxd7+ Nxd7 12. O-O Be7 13. fxe5 dxe5 14. d6 Bxd6
15. Bg5 Be7 16. Bxe7 Qxe7 17. Nd5 Qd8 18. Ng5 Qxg5 19. Nc7+ Ke7 20. Qd5 Qg6 21.
Nxa8 Qe6 22. Qd2 f6 23. Nc7 Qd6 24. Nd5+ Kf7 25. g4 h6 26. h4 h5 27. Rbd1 Qe6
28. Qg2 c4 29. Nc3 b6 30. Qf3 Nf8 31. Kh2 Ng6 32. Nd5 0-1

[Event "13. Bayer Open"]
[Site "Leverkusen"]
[Date "2015.02.09"]
[Round "4.8"]
[White "Auer, Martin"]
[Black "Blumenthal, Ralf"]
[Result "1-0"]
[WhiteElo "2134"]
[BlackElo "1870"]
[PlyCount "51"]
[EventDate "2015.??.??"]
[WhiteTeam "SG Solingen"]
[BlackTeam "SK Turm Euskirchen"]

1. e4 c5 2. Nc3 Nc6 3. Bb5 a6 4. Bxc6 dxc6 5. d3 e5 6. f4 Bd6 7. Nf3 Bg4 8.
fxe5 Bxe5 9. O-O Qc7 10. h3 Bh5 11. g4 Bd4+ 12. Kg2 Bg6 13. Ne2 Bf6 14. Bf4 Qa5
15. Ng3 O-O-O 16. g5 Bxb2 17. Rb1 Bc3 18. Ne5 h5 19. Nc4 b5 20. Nxa5 Bxa5 21.
a4 h4 22. Nf5 Bh5 23. Qc1 Kb7 24. Nd6+ Ka7 25. axb5 cxb5 26. Nxb5+ 1-0

[Event "13. Bayer Open"]
[Site "Leverkusen"]
[Date "2015.02.09"]
[Round "4.9"]
[White "Mentzel, Markus"]
[Black "Werbeck, Torsten"]
[Result "1/2-1/2"]
[WhiteElo "1799"]
[BlackElo "2098"]
[PlyCount "58"]
[EventDate "2015.??.??"]
[WhiteTeam "SG Solingen"]
[BlackTeam "Bahn-SC Wuppertal"]

1. c4 g6 2. Nc3 Bg7 3. g3 c5 4. Bg2 Nc6 5. Nf3 e6 6. e3 Nge7 7. d4 cxd4 8. Nxd4
O-O 9. O-O a6 10. b3 Nxd4 11. exd4 Nf5 12. Ne2 Qc7 13. Bb2 d6 14. Rc1 Bd7 15.
Ba1 Rac8 16. Qd3 Qb8 17. b4 Rfe8 18. Rfe1 Qa8 19. a3 Rc7 20. c5 Bb5 21. Qd1
dxc5 22. dxc5 Rd7 23. Qc2 Bd3 24. Qa2 Bh6 25. Rcd1 Red8 26. Bf6 Re8 27. Qb3 Bb5
28. Rxd7 Bxd7 29. Rd1 Bc6 1/2-1/2

[Event "13. Bayer Open"]
[Site "Leverkusen"]
[Date "2015.02.09"]
[Round "4.10"]
[White "Ljuboschiz, Alexander"]
[Black "Axmann, Michael"]
[Result "1-0"]
[WhiteElo "2031"]
[BlackElo "1798"]
[PlyCount "55"]
[EventDate "2015.??.??"]
[WhiteTeam "SV Würselen"]
[BlackTeam "SC Bayer Leverkusen"]

1. e4 c5 2. Nf3 Nc6 3. Nc3 Nf6 4. Bb5 e6 5. e5 Nd5 6. O-O a6 7. Bxc6 bxc6 8.
Ne4 Qc7 9. Re1 Bb7 10. c4 Nb6 11. d3 d5 12. exd6 Bxd6 13. Be3 Nd7 14. d4 cxd4
15. Qxd4 Bf8 16. c5 O-O-O 17. Nd6+ Bxd6 18. cxd6 Qa5 19. b4 Qf5 20. Rac1 Nb8
21. Red1 f6 22. a4 Rd7 23. Qb6 e5 24. b5 axb5 25. axb5 Qe4 26. Nd2 Qa4 27. Nc4
Rhd8 28. Qc7+ 1-0

[Event "13. Bayer Open"]
[Site "Leverkusen"]
[Date "2015.02.09"]
[Round "4.12"]
[White "Eigemann, Julian"]
[Black "Kies, Werner"]
[Result "1-0"]
[WhiteElo "1977"]
[BlackElo "1837"]
[PlyCount "69"]
[EventDate "2015.??.??"]
[WhiteTeam "SG Porz"]
[BlackTeam "SC Bayer Leverkusen"]

1. Nc3 e5 2. Nf3 Nc6 3. d4 exd4 4. Nxd4 g6 5. Nxc6 bxc6 6. Qd4 Qf6 7. Qxf6 Nxf6
8. Bg5 Bg7 9. e4 h6 10. Bh4 d6 11. Bc4 Be6 12. Bxe6 fxe6 13. O-O-O g5 14. Bg3
Nh5 15. Ne2 Rb8 16. c3 Rf8 17. f3 Nxg3 18. hxg3 e5 19. g4 Rh8 20. Ng3 Kf7 21.
Nf5 a5 22. Rh5 Bf8 23. Kc2 Rd8 24. c4 Kg6 25. Rd3 Rh7 26. Rh1 Rhd7 27. Ne3 d5
28. cxd5 cxd5 29. Rxd5 Rxd5 30. Nxd5 Rd6 31. Rc1 c6 32. Ne3 h5 33. gxh5+ Kxh5
34. g4+ Kg6 35. Nc4 1-0